| 000 | 01074cam a22003253a 4500 | ||
|---|---|---|---|
| 001 | 12315 | ||
| 003 | PGUSA | ||
| 005 | 20140828083247.0 | ||
| 008 | 040501s2004||||xxu|||||s|||||000 1 eng d | ||
| 040 |
_aPGUSA _beng |
||
| 042 | _adc | ||
| 050 | 4 | _aPZ | |
| 100 | 1 |
_aSherwood, _cMrs _q(Mary Martha), _d1775-1851 |
|
| 245 | 1 | 0 |
_aShanty the Blacksmith; a Tale of Other Times _h[electronic resource] / _cSherwood, |
| 260 |
_bProject Gutenberg, _c2004 |
||
| 506 | _aPublic domain in the USA. | ||
| 516 | _aElectronic text | ||
| 653 | _aInheritance and succession -- Juvenile fiction | ||
| 653 | _aJews -- England -- Juvenile fiction | ||
| 653 | _aDiligence -- Juvenile fiction | ||
| 653 | _aChristian life -- Juvenile fiction | ||
| 653 | _aWealth -- Juvenile fiction | ||
| 653 | _aAbduction -- Juvenile fiction | ||
| 653 | _aRomanies -- England -- Juvenile fiction | ||
| 653 | _aBlacksmiths -- Juvenile fiction | ||
| 653 | _aKindness -- Juvenile fiction | ||
| 830 | 0 |
_aProject Gutenberg _v12315 |
|
| 856 | 4 | 0 | _uhttp://www.gutenberg.org/ebooks/12315 |
| 942 | _cEB | ||
| 999 |
_c241570 _d241570 |
||